Land tax in Australia (Record no. 105766)

MARC details
000 -LEADER
fixed length control field 00788cam a2200217 4500
001 - CONTROL NUMBER
control field ##l134673
008 - FIXED-LENGTH DATA ELEMENTS--GENERAL INFORMATION
fixed length control field 060824n2006 000 0 eng u
020 ## - INTERNATIONAL STANDARD BOOK NUMBER
International Standard Book Number 0975834908
035 ## - SYSTEM CONTROL NUMBER
System control number (Sirsi) u134673
041 0# - LANGUAGE CODE
Language code of text/sound track or separate title eng
050 04 - LIBRARY OF CONGRESS CALL NUMBER
Classification number 333.01 $2 18
100 1# - MAIN ENTRY--PERSONAL NAME
Personal name Mangioni, Vince
245 00 - TITLE STATEMENT
Title Land tax in Australia
260 ## - PUBLICATION, DISTRIBUTION, ETC.
Place of publication, distribution, etc. Sydney
Name of publisher, distributor, etc. Australian Property Publications
Date of publication, distribution, etc. 2006
300 ## - PHYSICAL DESCRIPTION
Extent x, 148p.
Dimensions 23cm.
520 ## - SUMMARY, ETC.
Summary, etc. Discusses the evolution and application of land tax in New South Wales, Victoria, Queensland, Western Australia and South Australia, as well as national land tax issues. Appendices contain a 2006 national land tax comparison table and a table of cases.
590 ## - LOCAL NOTE (RLIN)
Local note IKA 240806
651 #4 - SUBJECT ADDED ENTRY--GEOGRAPHIC NAME
Geographic name AUSTRALIA
690 ## - LOCAL SUBJECT ADDED ENTRY--TOPICAL TERM (OCLC, RLIN)
Topical term or geographic name as entry element PROPERTY-PROPERTY TAXATION
942 ## - ADDED ENTRY ELEMENTS (KOHA)
Suppress in OPAC 0
Holdings
Withdrawn status Lost status Source of classification or shelving scheme Damaged status Not for loan Home library Current library Shelving location Date acquired Total Checkouts Full call number Barcode Date last seen Date last checked out Copy number Price effective from Koha item type
    Dewey Decimal Classification     London London Books 24/08/2006 2 333.01 MAN 30072469 06/08/2019 13/01/2010 1 06/08/2019 Book